000
00328 a2200109 4500
001
ART_7674
005
20260410161555.0
008
260409a
245
1
0
_a
Ante la reforma del ordenamiento contable
100
1
_a
Tua Pereda, Jorge
773
0
_t
Profesional & Empresaria
_g
- Año IX, Nº 106 (jul. 2008)
_w
REV70
999
_c
9147
_d
9147